Fastest cars in the world - Statistics

General Stats
  • This quiz has been taken 111 times
  • The average score is 7 of 44
Answer Stats
Country Answers % Correct
France Bugatti Veyron
73%
Sweden Koenigsegg Jesko Absolut
46%
Sweden Koenigsegg Agera R
39%
Italy Ferrari LaFerrari
37%
USA Mclaren F1
30%
USA SSC Tuatara
30%
USA Hennessey Venom F5
29%
France Bugatti Bolide
27%
UK Mclaren P1
26%
Croatia Rimac Nevera
25%
France Bugatti Divo
24%
Sweden Koenigsegg Agera RS
24%
Italy Ferrari Enzo
23%
USA Hennessey Venom GT
22%
Italy Pagani Huayra
19%
France Bugatti La Voiture Noire
18%
Italy Lamborghini Veneno
18%
USA SSC Ultimate Aero
14%
UK Aston Martin Valkyrie
12%
France Bugatti Centodieci
12%
France Bugatti Chiron SS 300+
12%
France Bugatti Mistral
12%
UK McLaren Speedtail
11%
Italy Pagani Zonda R
11%
Italy Lamborghini Countach
9%
Sweden Koenigsegg CCR
8%
Germany Mercedes-AMG One
8%
UK Aston Martin One-77
6%
Sweden Koenigsegg CC850
6%
USA Tesla Roadster
6%
Japan Aspark Owl
5%
Italy Pininfarina Battista
5%
USA Czinger 21C
4%
Italy De Tomaso P72
3%
Austria Deus Vayanne
3%
Italy Lamborghini Sian FKP
3%
Italy Pagani Huayra Codalunga
3%
USA SP Automotive Chaos
3%
Denmark Zenvo TSR-GT
3%
France Bugatti BC Pacchetto Tempesta
2%
France Bugatti Pur Sport
2%
France Bugatti Veyron 16.4 Super Sport
2%
Italy Lamborghini Aventador Ultimae
2%
UK Lotus Eija
2%
No matching quizzes found
Score Distribution
Percent of People with Each Score
Percentile by Number Answered
Your Score History
You have not taken this quiz